French verb drills
Salvato in:
| Autore principale: | |
|---|---|
| Natura: | Libro |
| Pubblicazione: |
Mc Graw HIll Education
2017
|
| Tags: |
Aggiungi Tag
Nessun Tag, puoi essere il primo ad aggiungerne!!
|
MARC
| LEADER | 00000nam a22000007a 4500 | ||
|---|---|---|---|
| 008 | ||||| |||| 00| 0 eng d | ||
| 020 | |a 9781259863662 | ||
| 100 | |a DE SALES, R.de Roussy | ||
| 245 | |a French verb drills |c Re de Roussy de Sales |g vii,151p. ill. | ||
| 250 | |b 5th edition | ||
| 260 | |b Mc Graw HIll Education |c 2017 |d Book |h New York |i 696044 |i 696045 |l PC2271.D45 |m French language-verb |m French language problems, exercise, etc | ||
| 500 | |a "It includes index of verbs and answer key" | ||
| 942 | |a lcc |c BK |e Olagoke,M.A. |f 28/08/2021 | ||
| 952 | |0 0 |1 0 |2 lcc |4 0 |7 0 |9 3253 |a HOL |b ED |c LP |d 2021-08-27 |o PC2271.D45 |p 2021-66955 |r 2021-08-27 00:00:00 |t 696044 |w 2021-08-27 |y BK | ||
| 952 | |0 0 |1 0 |2 lcc |4 0 |7 0 |9 3254 |a HOL |b HOL |c LP |d 2021-08-27 |o PC2271.D45 |p 2021-66956 |r 2021-08-27 00:00:00 |t 696046 |w 2021-08-27 |y BK | ||
| 952 | |0 0 |1 0 |2 lcc |4 0 |7 0 |9 3255 |a HOL |b HOL |c LP |d 2021-08-27 |o PC2271.D45 |p 2021-66957 |r 2021-08-27 00:00:00 |t 696045 |w 2021-08-27 |y BK | ||
| 999 | |c 1629 |d 1629 | ||